000 00457nmm a2200157Ia 4500
008 251105s9999||||xx |||||||||||||||||und||
020 _a9789562604925
041 _aspa
100 _aEpple, Juan Armando
245 0 _aCien microcuentos chilenos
264 _a[Santiago de Chile, Chile] :
_bCuarto Propio,
_c2013
300 _a136 páginas
650 _aLatin American narrative
856 _uhttps://public.digitaliapublishing.com/a/25307
942 _cCF
999 _c94227
_d94227